Rogangal peyunna perumazhakalam (Record no. 67140)

MARC details
000 -LEADER
fixed length control field 00252nam a2200109Ia 4500
100 ## - MAIN ENTRY--AUTHOR NAME
Personal name Mathew J
245 #0 - TITLE STATEMENT
Title Rogangal peyunna perumazhakalam
260 ## - PUBLICATION, DISTRIBUTION, ETC. (IMPRINT)
Name of publisher Rubber
Year of publication 2013
300 ## - PHYSICAL DESCRIPTION
Number of Pages 10-Jul
942 ## - ADDED ENTRY ELEMENTS (KOHA)
Koha item type Journals
Holdings
Withdrawn status Lost status Damaged status Not for loan Home library Current library Date acquired Serial Enumeration / chronology Koha item type
      Journals RRII Library RRII Library 07/04/2014 Volume 568, Issue Journals